| 000 | 01391nam0a22003011 4500 | ||
|---|---|---|---|
| 001 | rc\740326 | ||
| 005 | 20260519105123.0 | ||
| 035 | _a(NLR Aleph) 006269858 | ||
| 090 |
_a6937493 _c6937493 |
||
| 100 | _a20040301d1985 u y0rusy50 ca | ||
| 101 | 0 | _arus | |
| 102 | _aRU | ||
| 105 | _aa ||||||||| | ||
| 200 | 1 |
_aСтатистическая динамика и оптимизация управления летательных аппаратов _e[Учеб. пособие для авиац. спец. вузов _fА.А. Лебедев, В.Т. Бобронников, М.Н. Красильщиков, В.В. Малышев] |
|
| 210 |
_aМ. _cМашиностроение _d1985 |
||
| 215 |
_a279 с. _cил. _d22 |
||
| 300 | _aЗагл. корешка: Статистическая динамика ЛА | ||
| 300 | _aАвт. указаны на обороте тит. л. | ||
| 320 | _aБиблиогр.: с. 273-274 (37 назв.) | ||
| 320 | _aПредм. указ.: с. 275-276 | ||
| 517 | 0 | _aСтатистическая динамика ЛА | |
| 701 | 1 |
_7ca _8rus _aЛебедев _bА. А. _cд-р техн. наук, летательные аппараты _f1921- _gАлександр Александрович _9794 _3RU\NLR\AUTH\7717708 |
|
| 801 | 0 |
_aRU _bNLR _gpsbo |
|
| 801 | 1 |
_aRU _bELAR _2rusmarc |
|
| 852 |
_aNLR _j85-5/5910 |
||
| 942 | _cBOOK | ||
| 980 | _aNB | ||